000 00678nam a2200217Ia 4500
005 20241129104117.0
008 241129s9999||||xx |||||||||||||| ||und||
020 _a9781529771893
037 _aTextual
040 _aRTL
_beng
_cRTL
041 _aeng
_2eng
084 _aD6,9(B),2771 R2
_qRTL
100 _aBecker Lucinda; Becker Felicity; Becker Anastasia
_9724812
245 0 _aAcing online assessment: Your guide to success
_cBecker Lucinda; Becker Felicity; Becker Anastasia
260 _aNew Delhi
_bSage
_c2022
300 _aviii,180p.
365 _aINR
_b1534.83
650 _aCommerce
942 _cTB
_hD6,9(B),2771 R2
999 _c1224467
_d1224467